000 00647 a2200193 4500
010 _aENG-85557
020 _c200.00
_a8190104071
035 _aEN-69090
037 _bD.B.Act / Pub
082 1 4 _a181.4
090 _c2964
_d2964
100 1 _aJoshi, Mahadev Narayanarao
245 1 _aEternal values and modern society
_bby Mahadev Narayanarao Joshi
260 _aDharwad
_bRoopa Publications
_c2006
270 _aPlot No. 33, 'Mahalasakanta' , R.C.Nagar,
_bDharwad
_e500 001
300 _avii, 272 p.
_c22 cm (Pbk.)
942 _adpl
_cEN
_k181.4 / JOS
999 _c2906
_d2906